| 000 | 00610nam a2200169 a 4500 | ||
|---|---|---|---|
| 008 | 090325s2001 ||||||||||||||||| || u | ||
| 020 | _a9781405141758 | ||
| 050 | _aHM 623 Com | ||
| 100 | _aMiller, Toby | ||
| 245 | 1 | 2 |
_aA companion to cultural studies _cedited by Toby Miller |
| 260 |
_aOxford: _bBlackwell Publishing _c2001 |
||
| 300 | _axxiv, 579p. | ||
| 350 | _a0.00 | ||
| 650 | _aCULTURE | ||
| 650 | _aCULTURAL--STUDY AND TEACHING | ||
| 995 |
_D0.00 _FCBU-MAIN LIBRARY (Kitwe) _H1 _I0.00 _M1 _UAVAILABLE _WMar 25, 2009 _ZMain Library Open Access Collection |
||
| 999 |
_c37963 _d37963 |
||